| 000 | 00630nam a2200217Ia 4500 | ||
|---|---|---|---|
| 003 | OSt | ||
| 005 | 20230505110728.0 | ||
| 008 | 210423s2007 xx 000 0 und d | ||
| 020 | _a333700138 | ||
| 040 | _cAL | ||
| 041 | _aeng | ||
| 082 |
_a540 _223 _b RAOC |
||
| 100 |
_aRAO (C N R),Ed. _998558 |
||
| 245 | _aUniversity general chemistry: an introduction to chemical science. | ||
| 260 |
_aNew Delhi _bMacmillan India Ltd _c2007 |
||
| 300 |
_axviii,677 _bPB |
||
| 365 |
_b298 _cINR |
||
| 650 |
_aChemistry _998559 |
||
| 906 | _aan ; chemical ; chemistry: ; general ; introduction ; science. ; University | ||
| 942 |
_2ddc _cBK |
||
| 999 |
_c163651 _d163651 |
||